000 00726nam a2200265Ia 4500
003 OSt
005 20220925223043.0
006 a|||||r|||| 00| 0
007 ta
008 220923b |||||||| |||| 00| 0 eng d
020 _a0415171946
037 _cGeneral Book
040 _aRTL
_cRTL
_beng
041 _2eng
_aeng
082 _aX:3M24, N8
100 _aLittle Adrian
_930209
245 0 _aPost-industrial socialism
_b Towards a new politics
260 _aLondon
_bRoutledge
_c1998
300 _aviii, 190p
_ccm.
500 _aBibliography: P 172-84
650 _a Economics
650 _aSocialism
_936676
942 _hX:3M24, N8
_cGB
_2CC
999 _c578506
_d578506